Development of Organa : an android mobile application of three-dimensional image modeling of human internal organs / (Record no. 3489)
[ view plain ]
| 000 -LEADER | |
|---|---|
| fixed length control field | 01433nam a22003257a 4500 |
| 003 - CONTROL NUMBER IDENTIFIER | |
| control field | OSt |
| 005 - DATE AND TIME OF LATEST TRANSACTION | |
| control field | 20240522054755.0 |
| 008 - FIXED-LENGTH DATA ELEMENTS--GENERAL INFORMATION | |
| fixed length control field | 240522b ||||| |||| 00| 0 eng d |
| 040 ## - CATALOGING SOURCE | |
| Language of cataloging | English. |
| Transcribing agency | CvSU-CCAT Campus Library. |
| Description conventions | rda. |
| 050 ## - LIBRARY OF CONGRESS CALL NUMBER | |
| Classification number | UM QA 76.76.A65 |
| Item number | Ar75 2017 |
| 100 ## - MAIN ENTRY--PERSONAL NAME | |
| Personal name | Arias, Christian Dave Q., author. |
| 9 (RLIN) | 13068 |
| 245 ## - TITLE STATEMENT | |
| Title | Development of Organa : an android mobile application of three-dimensional image modeling of human internal organs / |
| Statement of responsibility, etc. | Christian Dave Q. Arias, Hiroshi Francisco, and Mark R. Ortiz. |
| 260 ## - PUBLICATION, DISTRIBUTION, ETC. | |
| Place of publication, distribution, etc. | Rosario, Cavite : |
| Name of publisher, distributor, etc. | Cavite State University-CCAT Campus, |
| Date of publication, distribution, etc. | 2017. |
| 300 ## - PHYSICAL DESCRIPTION | |
| Extent | xii, 67 leaves : |
| Other physical details | illustrations ; |
| Dimensions | 28 cm |
| 500 ## - GENERAL NOTE | |
| General note | A Design Project Manuscript (BSCS) -- Cavite State University-CCAT Campus, 2017. |
| 504 ## - BIBLIOGRAPHY, ETC. NOTE | |
| Bibliography, etc. note | Includes bibliographical references and appendices. |
| 520 ## - SUMMARY, ETC. | |
| Thesis Abstract | <a href="Thesis Abstract: ">Thesis Abstract: </a> |
| 546 ## - LANGUAGE NOTE | |
| Language note | In English text. |
| 650 ## - SUBJECT ADDED ENTRY--TOPICAL TERM | |
| Topical term or geographic name entry element | Mobile application. |
| 9 (RLIN) | 5366 |
| 650 ## - SUBJECT ADDED ENTRY--TOPICAL TERM | |
| Topical term or geographic name entry element | 3D image. |
| 9 (RLIN) | 13069 |
| 650 ## - SUBJECT ADDED ENTRY--TOPICAL TERM | |
| Topical term or geographic name entry element | Rapid application development. |
| 9 (RLIN) | 13070 |
| 650 ## - SUBJECT ADDED ENTRY--TOPICAL TERM | |
| Topical term or geographic name entry element | Application software -- Development. |
| 9 (RLIN) | 9099 |
| 650 ## - SUBJECT ADDED ENTRY--TOPICAL TERM | |
| Topical term or geographic name entry element | Android. |
| 9 (RLIN) | 9688 |
| 700 ## - ADDED ENTRY--PERSONAL NAME | |
| Personal name | Francisco, Hiroshi, author. |
| 9 (RLIN) | 13071 |
| 700 ## - ADDED ENTRY--PERSONAL NAME | |
| Personal name | Ortiz, Mark R., author. |
| 9 (RLIN) | 13072 |
| 700 ## - ADDED ENTRY--PERSONAL NAME | |
| Personal name | Nocon, Yvana Jardine R., adviser. |
| 9 (RLIN) | 11767 |
| 700 ## - ADDED ENTRY--PERSONAL NAME | |
| Personal name | Muyot, Allen Jhon C., technical critic. |
| 9 (RLIN) | 9074 |
| 942 ## - ADDED ENTRY ELEMENTS (KOHA) | |
| Source of classification or shelving scheme | Library of Congress Classification |
| Koha item type | Thesis/Manuscripts/Dissertations |
| Classification part | QA 76.76.A65 Ar75 2017 |
| Call number prefix | UM |
| Withdrawn status | Lost status | Source of classification or shelving scheme | Damaged status | Not for loan | Collection code | Home library | Current library | Shelving location | Date acquired | Coded location qualifier | Total Checkouts | Full call number | Barcode | Date last seen | Copy number | Price effective from | Koha item type |
|---|---|---|---|---|---|---|---|---|---|---|---|---|---|---|---|---|---|
| Library of Congress Classification | Thesis/Manuscript/Dissertation | Cavite State University - CCAT Campus | Cavite State University - CCAT Campus | TH | 08/16/2017 | UM | UM QA 76.76.A65 Ar75 2017 | T0003493 | 10/24/2025 | 1 | 05/22/2024 | Thesis/Manuscripts/Dissertations |
